All Municipalities of Somogy County, Hungary on a Map - Statistics

General Stats
  • This quiz has been taken 236 times
  • The average score is 55 of 246
Answers on the Map
Answers color-coded by a green-red scale on the quiz's map according to % correct below.
 
Answer Stats
Answer % Correct
Siófok
92%
Kaposvár
88%
Fonyód
83%
Zamárdi
80%
Balatonboglár
79%
Balatonlelle
77%
Som
77%
Balatonszemes
74%
Marcali
73%
Balatonföldvár
70%
Balatonfenyves
68%
Balatonőszöd
68%
Balatonmáriafürdő
67%
Barcs
65%
Nagyatád
65%
Szántód
65%
Balatonszárszó
61%
Balatonvilágos
59%
Kaposmérő
58%
Balatonberény
56%
Balatonszentgyörgy
55%
Nagybajom
55%
Csurgó
53%
Tab
53%
Igal
47%
Lengyeltóti
47%
Böhönye
45%
Zala
45%
Taszár
44%
Kéthely
42%
Somogyvár
42%
Kőröshegy
41%
Mesztegnyő
38%
Ságvár
38%
Balatonendréd
36%
Balatonkeresztúr
36%
Siójut
36%
Ádánd
35%
Kisbajom
35%
Somogyaszaló
35%
Balatonszabadi
33%
Kadarkút
33%
Kutas
33%
Szenna
33%
Kaposhomok
32%
Kára
32%
Somogyvámos
32%
Bonnya
30%
Gyékényes
30%
Kaposfő
30%
Karád
30%
Látrány
30%
Mernye
30%
Nyim
30%
Somogybabod
30%
Andocs
29%
Kereki
29%
Kötcse
29%
Nagyberki
29%
Somogyszob
29%
Szabadi
29%
Szenta
29%
Büssü
27%
Csokonyavisonta
27%
Fiad
27%
Juta
27%
Visz
27%
Zselickisfalud
27%
Babócsa
26%
Lulla
26%
Nágocs
26%
Nagyberény
26%
Zákány
26%
Bábonymegyer
24%
Csoma
24%
Darány
24%
Kapoly
24%
Kaposújlak
24%
Ordacsehi
24%
Táska
24%
Teleki
24%
Zselickislak
24%
Mosdós
23%
Nikla
23%
Őrtilos
23%
Osztopán
23%
Ötvöskónyi
23%
Sántos
23%
Segesd
23%
Sérsekszőlős
23%
Szólád
23%
Vízvár
23%
Vörs
23%
Bélavár
21%
Berzence
21%
Bőszénfa
21%
Drávatamási
21%
Felsőmocsolád
21%
Pogányszentpéter
21%
Somogyacsa
21%
Somogygeszti
21%
Somogymeggyes
21%
Somogyszentpál
21%
Szilvásszentmárton
21%
Zics
21%
Balatonújlak
20%
Beleg
20%
Bolhás
20%
Iharos
20%
Iharosberény
20%
Istvándi
20%
Jákó
20%
Kelevíz
20%
Kiskorpád
20%
Lábod
20%
Sávoly
20%
Somogyjád
20%
Szentbalázs
20%
Vése
20%
Zselicszentpál
20%
Kaszó
18%
Mike
18%
Nagykorpád
18%
Öreglak
18%
Porrog
18%
Porrogszentkirály
18%
Rinyabesenyő
18%
Buzsák
17%
Hollád
17%
Magyaratád
17%
Ráksi
17%
Rinyaújnép
17%
Tapsony
17%
Várda
17%
Bárdudvarnok
15%
Csurgónagymarton
15%
Drávagárdony
15%
Ecseny
15%
Hetes
15%
Kisbárapáti
15%
Komlósd
15%
Pálmajor
15%
Patca
15%
Péterhida
15%
Porrogszentpál
15%
Rinyaszentkirály
15%
Somogyszil
15%
Somogyudvarhely
15%
Bálványos
14%
Gamás
14%
Kaposszerdahely
14%
Lad
14%
Magyaregres
14%
Mezőcsokonya
14%
Pamuk
14%
Csömend
12%
Inke
12%
Kálmáncsa
12%
Lakócsa
12%
Libickozma
12%
Nemeskisfalud
12%
Somodor
12%
Somogydöröcske
12%
Somogyfajsz
12%
Somogytúr
12%
Szulok
12%
Törökkoppány
12%
Visnye
12%
Zákányfalu
12%
Bolhó
11%
Fonó
11%
Gadács
11%
Gálosfa
11%
Hosszúvíz
11%
Kánya
11%
Kaposkeresztúr
11%
Kazsok
11%
Nemesvid
11%
Orci
11%
Somogyaracs
11%
Somogysámson
11%
Somogysárd
11%
Szenyér
11%
Szőlősgyörök
11%
Baté
9%
Bodrog
9%
Gölle
9%
Hencse
9%
Kaposgyarmat
9%
Kisberény
9%
Patalom
9%
Somogyegres
9%
Somogyzsitfa
9%
Szegerdő
9%
Szentgáloskér
9%
Tikos
9%
Főnyed
8%
Gyugy
8%
Hajmás
8%
Kastélyosdombó
8%
Kisasszond
8%
Nemesdéd
8%
Polány
8%
Pusztakovácsi
8%
Rinyaújlak
8%
Somogycsicsó
8%
Szőkedencs
8%
Tótújfalu
8%
Zimány
8%
Bedegkér
6%
Csákány
6%
Csököly
6%
Gadány
6%
Görgeteg
6%
Heresznye
6%
Homokszentgyörgy
6%
Miklósi
6%
Nagycsepely
6%
Szabás
6%
Szentborbás
6%
Tarany
6%
Varászló
6%
Bakháza
5%
Edde
5%
Gige
5%
Háromfa
5%
Hedrehely
5%
Nagyszakácsi
5%
Pusztaszemes
5%
Rinyakovácsi
5%
Simonfa
5%
Somogybükkösd
5%
Alsóbogát
3%
Cserénfa
3%
Csombárd
3%
Hács
3%
Kercseliget
3%
Kisgyalán
3%
Kőkút
3%
Patosfa
3%
Potony
3%
Somogysimonyi
3%
Tengőd
3%
Torvaj
3%
Szorosad
2%
Újvárfalva
2%
No matching quizzes found
Score Distribution
Percent of People with Each Score
Percentile by Number Answered
Your Score History
You have not taken this quiz